000 00479nam a22001697a 4500
005 20251108164133.0
008 250721s1980 xx 000 0 ara d
082 1 4 _a341.26205694/حات
100 1 _aأبو غزاله، حاتم صديق
245 1 0 _aكامب ديفيد تسوية أم تصفية /
264 1 _aعمان :
_bمطابع دار الشعب،
_c1980.
300 _a375ص
650 1 7 _aمصر
650 1 7 _aإسرائيل
942 _2ddc
_cBK
999 _c4547
_d4547